[Event "Ideal Clave op"]
[Site "Barcelona"]
[Date "1997.11.08"]
[Round "6"]
[White "Guillen Buil, Jesus Carlos"]
[Black "Fructuoso Barea, Antonio"]
[Result "1-0"]
[WhiteElo "2005"]
[BlackElo "1980"]
[PlyCount "49"]
[EventDate "1997.09.??"]
[EventType "swiss"]
[EventRounds "9"]
[EventCountry "ESP"]
[SourceTitle "EXT 2003"]
[Source "ChessBase"]
[SourceDate "2002.11.25"]
[SourceVersion "1"]
[SourceVersionDate "2002.11.25"]
[SourceQuality "1"]

1. e4 e6 2. d4 d5 3. Nc3 Nf6 4. e5 Nfd7 5. f4 c5 6. Nf3 Nc6 7. Be3 Qb6 8. Na4 Qa5+ 9. c3 cxd4 10. b4 Nxb4 11. cxb4 Bxb4+ 12. Bd2 b5 13. Nb2 Nc5 14. Nd3 Bxd2+ 15. Qxd2 Qb6 16. Nxc5 Qxc5 17. Rc1 Qb6 18. Qxd4 Qa5+ 19. Qc3 Qxc3+ 20. Rxc3 Bd7 21. Nd4 b4 22. Rc7 Ba4 23. Bb5+ Bxb5 24. Nxb5 a5 25. Nd6+ 1-0

[Event "Ideal Clave op"]
[Site "Barcelona"]
[Date "1997.09.27"]
[Round "1"]
[White "Manzano Pina, Agustin"]
[Black "Fructuoso Barea, Antonio"]
[Result "0-1"]
[WhiteElo "1830"]
[BlackElo "1980"]
[PlyCount "36"]
[EventDate "1997.09.??"]
[EventType "swiss"]
[EventRounds "9"]
[EventCountry "ESP"]
[SourceTitle "EXT 2003"]
[Source "ChessBase"]
[SourceDate "2002.11.25"]
[SourceVersion "1"]
[SourceVersionDate "2002.11.25"]
[SourceQuality "1"]

1. e4 e6 2. Nf3 d5 3. e5 c5 4. c3 Nc6 5. d4 Bd7 6. Be2 cxd4 7. cxd4 Nge7 8. Bg5 Qb6 9. b3 Nf5 10. Be3 Bb4+ 11. Kf1 0-0 12. a3 Be7 13. h3 Nxe3+ 14. fxe3 f6 15. Qd3 fxe5 16. dxe5 Nxe5 17. Qc3 Nxf3 18. Bxf3 Bf6 0-1